00832nam a2200181 i 4500001000300000245022600003260005000229300004200279490005800321700002700379830005400406020001500460040000800475041000800483080002000491008004100511856009800552bg 0aEnvironmental biology of European cyprinids :bpapers from the workshop on "The Environmental Biology of Cyprinids" held at the University of Salzburg, Austria, in September 1989 /cguest editors Wolfgang Wieser [et al.]. aDordrecht [et al.] :bKluwer Academic,c1992. a233 s. :bfot., rys., wykr. ;c27 cm.1 aDevelopments in Environmental Biology of Fishes ;v131 aWIESER, Wolfgang.eed. aDevelopments in Environmental Biology of Fishes ; a0792314840 cBPK apol a574:597](061.3) s pl f |000 0 pol  uhttp://koha.tu.koszalin.pl/cgi-bin/koha/opac-detail.pl?biblionumber=29830yKatalog online BPK